Implementácia nových poznatkov informačných a komunikačných technológií v pedagogickom procese

Využitie informačných a komunikačných technológií v pedagogickom procese. Oblasti poznania a vlastná výučba. Nový model prednášok a cvičení. Aplikácia e-learningu, vízia virtuálneho počítača. Rozšírenie oblastí poznania spojené s obsahom výučby. Seminárna forma výučby a spolupráca externých partnero...

Descrizione completa

Salvato in:
Dettagli Bibliografici
Autore principale: Brixová, Janette
Altri autori: Grell, Michal, Olexa, Milan, Trochanová, Hana
Natura: Capitolo di libro
Lingua:slovacco
Soggetti:
Tags: Aggiungi Tag
Nessun Tag, puoi essere il primo ad aggiungerne!!

MARC

LEADER 00000nla$a2200000$$$4500
001 0127946
005 20240502072446.7
041 0 |a slo 
044 |a SK 
245 1 0 |a Implementácia nových poznatkov informačných a komunikačných technológií v pedagogickom procese  |c Janette Brixová, Michal Grell, Milan Olexa, Hana Trochanová 
520 |a Využitie informačných a komunikačných technológií v pedagogickom procese. Oblasti poznania a vlastná výučba. Nový model prednášok a cvičení. Aplikácia e-learningu, vízia virtuálneho počítača. Rozšírenie oblastí poznania spojené s obsahom výučby. Seminárna forma výučby a spolupráca externých partnerov na zabezpečovaní pedagogického procesu. 
610 2 0 |a vzdelávanie vysokoškolské 
610 2 0 |a informatika 
610 2 0 |a počítače 
610 2 0 |a predmety učebné 
610 2 0 |a vzdelávanie elektronické 
100 1 |a Brixová, Janette 
700 1 |a Grell, Michal 
700 1 |a Olexa, Milan 
700 1 |a Trochanová, Hana